[Event "II Festival A"]
[Site "Cattolica ITA"]
[Date "2006.06.12"]
[Round "1"]
[White "De Marco, Walter"]
[Black "De Santis, Alessio"]
[Result "0-1"]
[WhiteElo "2042"]
[BlackElo "2337"]
[PlyCount "64"]
[EventDate "2006.06.12"]

1. Nf3 d6 2. d4 f5 3. b3 Nf6 4. Bb2 g6 5. e3 Bg7 6. Bc4 c6 7. O-O Ne4 8. Nbd2
d5 9. Be2 Nd6 10. c4 e6 11. Rc1 Nd7 12. Rc2 Nf7 13. Qa1 Qc7 14. cxd5 exd5 15.
b4 a6 16. Nb3 O-O 17. Nc5 Re8 18. a4 Nf6 19. Qc1 Qb6 20. Nd3 Bf8 21. a5 Qd8 22.
Nc5 Bd6 23. Qe1 f4 24. Qc3 fxe3 25. fxe3 Ng4 26. e4 Bf4 27. exd5 cxd5 28. Ne5
Bxh2+ 29. Kh1 Nfxe5 30. Bxg4 Nxg4 31. Qf3 Bf5 32. Nxb7 Qh4 0-1

[Event "II Festival A"]
[Site "Cattolica ITA"]
[Date "2006.06.12"]
[Round "1"]
[White "De Zordi, Fabio"]
[Black "Lotti, Fabio"]
[Result "0-1"]
[WhiteElo "1808"]
[BlackElo "2043"]
[PlyCount "82"]
[EventDate "2006.06.12"]

1. c4 Nf6 2. Nc3 e6 3. e4 d6 4. d4 e5 5. dxe5 dxe5 6. Qxd8+ Kxd8 7. Bg5 c6 8.
Nf3 Nbd7 9. a3 a5 10. Rd1 Kc7 11. Bd3 Bc5 12. h3 Re8 13. O-O a4 14. Rfe1 Nb6
15. Bh4 Nh5 16. Ne2 f6 17. g4 Nf4 18. Bg3 Nxd3 19. Rxd3 Nxc4 20. Rc3 b5 21.
Rec1 Bb7 22. R1c2 Rad8 23. Kg2 Rd1 24. g5 Red8 25. Rxc4 bxc4 26. Rxc4 Ba6 27.
Rxc5 Bxe2 28. Ra5 Bf1+ 29. Kh2 Kb6 30. Rxa4 c5 31. b4 c4 32. Nxe5 fxe5 33. Bxe5
g6 34. Bf4 c3 35. Ra5 R8d3 36. Rc5 Rxh3+ 37. Kg1 c2 38. a4 Rf3 39. a5+ Kb7 40.
Rc7+ Kb8 41. Rf7+ Rxf4 0-1

[Event "II Festival A"]
[Site "Cattolica ITA"]
[Date "2006.06.12"]
[Round "1"]
[White "Dvirnyy, Danyyil"]
[Black "Wazeer Ahmad, Khan"]
[Result "1-0"]
[WhiteElo "2280"]
[BlackElo "2036"]
[PlyCount "111"]
[EventDate "2006.06.12"]

1. e4 d5 2. exd5 Nf6 3. Bb5+ Bd7 4. Be2 Nxd5 5. d4 e6 6. Nf3 c5 7. c4 Nf6 8. d5
Bd6 9. Nc3 O-O 10. O-O e5 11. Bg5 h6 12. Bh4 Bf5 13. Bd3 Bxd3 14. Qxd3 Nbd7 15.
Rfe1 Re8 16. Ne4 Qc7 17. Nxf6+ gxf6 18. Qf5 Bf8 19. Nd2 Bg7 20. Ne4 Nf8 21.
Bxf6 Qd7 22. Qh5 Ng6 23. Re3 Nf4 24. Qh4 Qf5 25. Bxg7 Kxg7 26. Nd6 Qg6 27.
Nxe8+ Rxe8 28. Qg3 f6 29. a3 Kf7 30. Qxg6+ Nxg6 31. b4 Rc8 32. b5 Rd8 33. a4
Rd6 34. Raa3 f5 35. g3 h5 36. Ra1 Kf6 37. Rae1 h4 38. f4 e4 39. g4 Nxf4 40.
gxf5 Kxf5 41. Rxe4 Rg6+ 42. Kf1 Nd3 43. R1e3 Nf4 44. Re7 Kg4 45. Rf7 Nh3 46.
Re6 Rg8 47. Re4+ Kh5 48. Rh7+ Kg5 49. Ree7 Kg6 50. d6 Rf8+ 51. Ke1 Ng5 52.
Rhg7+ Kf6 53. Rxb7 Nf3+ 54. Kf2 Nxh2 55. Kg2 Ke6 56. Rge7+ 1-0

[Event "II Festival A"]
[Site "Cattolica ITA"]
[Date "2006.06.12"]
[Round "1"]
[White "Fongarolli, Diego"]
[Black "Faini, Ivano"]
[Result "1/2-1/2"]
[WhiteElo "2068"]
[BlackElo "1842"]
[PlyCount "65"]
[EventDate "2006.06.12"]

1. e4 d5 2. exd5 Qxd5 3. Nc3 Qa5 4. d4 c6 5. h3 Nf6 6. Bd3 Bf5 7. Nf3 Bxd3 8.
Qxd3 Nbd7 9. O-O e6 10. Bf4 Be7 11. Ne5 O-O 12. a3 Rad8 13. Qf3 Nb6 14. Rfd1
Nbd5 15. b4 Qa6 16. Nxd5 cxd5 17. Bg5 Qd6 18. Rac1 Rc8 19. c4 dxc4 20. Rxc4
Rxc4 21. Nxc4 Qd5 22. Qxd5 Nxd5 23. Bxe7 Nxe7 24. Nd6 b6 25. Rc1 Rd8 26. Rc7
Rxd6 27. Rxe7 Kf8 28. Rxa7 Rxd4 29. Rb7 Rd6 30. Kf1 g6 31. Ke2 Kg7 32. Ke3 Kf6
33. a4 1/2-1/2

[Event "II Festival A"]
[Site "Cattolica ITA"]
[Date "2006.06.12"]
[Round "1"]
[White "Pipitone, Antonio"]
[Black "Barlocco, Carlo"]
[Result "0-1"]
[WhiteElo "1994"]
[BlackElo "2188"]
[PlyCount "120"]
[EventDate "2006.06.12"]

1. e4 b6 2. d4 Bb7 3. Nc3 e6 4. Nf3 Bb4 5. Bd3 Nf6 6. Bg5 h6 7. Bxf6 Bxc3+ 8.
bxc3 Qxf6 9. Qd2 Nc6 10. e5 Qe7 11. a4 O-O 12. O-O f5 13. exf6 Qxf6 14. Qe2 Ne7
15. Be4 Nd5 16. Qd2 Rab8 17. Ne5 Nf4 18. Bxb7 Rxb7 19. g3 Nh3+ 20. Kg2 d6 21.
Kxh3 dxe5 22. dxe5 Qxe5 23. Rae1 Qf5+ 24. Kg2 Qd5+ 25. Qxd5 exd5 26. Re7 Rf7
27. Re8+ Kh7 28. Rd1 c6 29. Rd4 Rbd7 30. Re5 Kg6 31. f4 Rfe7 32. Rxe7 Rxe7 33.
Kf3 Kf6 34. c4 dxc4 35. Rxc4 c5 36. g4 Re1 37. a5 Rh1 38. axb6 axb6 39. Kg3 Rc1
40. Kf3 Ke6 41. h4 Kd5 42. Rc3 b5 43. Ke3 c4 44. Kd2 Rh1 45. Re3 Rxh4 46. Re5+
Kd6 47. Rxb5 Rxg4 48. Ke3 g6 49. Ra5 Rg3+ 50. Kd4 c3 51. f5 Ke7 52. fxg6 Kf6
53. Ra6+ Kg7 54. Rc6 h5 55. Ke4 h4 56. Kf4 Kh6 57. Rb6 Rg2 58. Rc6 Rxc2 59. Kg4
Rc1 60. Kxh4 c2 0-1

[Event "II Festival A"]
[Site "Cattolica ITA"]
[Date "2006.06.12"]
[Round "1"]
[White "Pivotto, Carlo"]
[Black "Kwossek, Georg"]
[Result "1-0"]
[WhiteElo "1835"]
[BlackElo "2065"]
[PlyCount "48"]
[EventDate "2006.06.12"]

1. e4 e5 2. Nf3 d6 3. d4 Nf6 4. Nc3 Nbd7 5. Bc4 Be7 6. dxe5 dxe5 7. Bxf7+ Kxf7
8. Ng5+ Kg8 9. Ne6 Qe8 10. Nxc7 Qg6 11. Nxa8 Qxg2 12. Rf1 Nc5 13. Qe2 Bh3 14.
Be3 Nfxe4 15. O-O-O Nxc3 16. Qc4+ Be6 17. Qxc3 Kf7 18. Qxe5 Rxa8 19. Rg1 Qf3
20. Rd7 Ke8 21. Rxe7+ Kxe7 22. Rxg7+ Kf8 23. Bxc5+ Ke8 24. Re7+ Kd8 1-0

[Event "II Festival A"]
[Site "Cattolica ITA"]
[Date "2006.06.12"]
[Round "1"]
[White "Raineri, Valerio"]
[Black "Pattarello, Pierluigi"]
[Result "1/2-1/2"]
[WhiteElo "2145"]
[BlackElo "1977"]
[PlyCount "97"]
[EventDate "2006.06.12"]

1. e4 e6 2. Qe2 Be7 3. f4 d5 4. e5 c5 5. d3 Nc6 6. c3 Bd7 7. Nf3 Qc7 8. g3
O-O-O 9. Bh3 h6 10. O-O g5 11. a3 Kb8 12. b4 cxb4 13. axb4 gxf4 14. Bxf4 Bg5
15. Na3 Bxf4 16. gxf4 Nge7 17. d4 Ng6 18. Ne1 Nce7 19. Qb2 Rc8 20. Rc1 Nh4 21.
Nd3 b6 22. b5 Nhf5 23. Nb4 Rcg8+ 24. Kh1 Bc8 25. Qf2 Bb7 26. Na6+ Bxa6 27. bxa6
Qd7 28. Qe2 Rc8 29. Nb5 Rc4 30. Rb1 Ra4 31. Ra1 Rxa1 32. Rxa1 Rc8 33. Bf1 Rc6
34. Qf3 Ng6 35. Na3 Qc8 36. Nb5 Ngh4 37. Qh3 Ng6 38. Qf3 Ngh4 39. Qe2 Ng6 40.
Qh5 Qe8 41. c4 dxc4 42. Qf3 Ngh4 43. Qe4 Qd7 44. Rc1 Qd5 45. Qxd5 exd5 46. Nc3
Ne3 47. Bh3 Nf3 48. Nb5 c3 49. Bg2 1/2-1/2

[Event "II Festival A"]
[Site "Cattolica ITA"]
[Date "2006.06.13"]
[Round "2"]
[White "Barlocco, Carlo"]
[Black "Pivotto, Carlo"]
[Result "1-0"]
[WhiteElo "2188"]
[BlackElo "1835"]
[PlyCount "89"]
[EventDate "2006.06.12"]

1. f4 d5 2. Nf3 Bg4 3. Ne5 Bh5 4. g4 e6 5. h4 f6 6. gxh5 fxe5 7. Bg2 exf4 8. d4
Bd6 9. c4 Nf6 10. c5 f3 11. Bxf3 Bg3+ 12. Kf1 c6 13. h6 g6 14. Kg2 Bc7 15. Bg5
Nbd7 16. Nc3 Qe7 17. e4 dxe4 18. Nxe4 O-O-O 19. Re1 Rhf8 20. b4 Qf7 21. Bxf6
Nxf6 22. Ng5 Qd7 23. Nxe6 Nh5 24. Re4 Kb8 25. Nxf8 Rxf8 26. Bxh5 gxh5 27. Qxh5
Rg8+ 28. Kf2 Bh2 29. Rf1 Rf8+ 30. Kg2 Rxf1 31. Qe8+ Qxe8 32. Rxe8+ Kc7 33. Kxf1
Bf4 34. Re7+ Kb8 35. Rxh7 a6 36. Rh8+ Ka7 37. h7 Be3 38. Rd8 a5 39. a3 axb4 40.
axb4 Ka6 41. h8=Q Kb5 42. Ke2 Bc1 43. Kd3 Ba3 44. Qg8 Bxb4 45. Qc4+ 1-0

[Event "II Festival A"]
[Site "Cattolica ITA"]
[Date "2006.06.13"]
[Round "2"]
[White "Cetkovic, Sergio"]
[Black "Pipitone, Antonio"]
[Result "1-0"]
[WhiteElo "2101"]
[BlackElo "1994"]
[PlyCount "59"]
[EventDate "2006.06.12"]

1. e4 c5 2. Nf3 d6 3. c3 Nf6 4. h3 Nc6 5. d4 cxd4 6. cxd4 e6 7. Nc3 Be7 8. Bd3
a6 9. O-O Qc7 10. Be3 Bd7 11. Rc1 Qa5 12. a3 O-O 13. Qd2 Rac8 14. b4 Qd8 15.
Rfd1 b5 16. Bb1 g6 17. d5 exd5 18. exd5 Nb8 19. Bd4 Nh5 20. g4 Ng7 21. Qh6 Ne8
22. Re1 Rc4 23. Ne4 Rxd4 24. Nxd4 f5 25. gxf5 Bxf5 26. Qe3 Qd7 27. Nxf5 Rxf5
28. Nf6+ Nxf6 29. Bxf5 Qxf5 30. Qxe7 1-0

[Event "II Festival A"]
[Site "Cattolica ITA"]
[Date "2006.06.13"]
[Round "2"]
[White "De Santis, Alessio"]
[Black "Bornaccioni, Daniele"]
[Result "1-0"]
[WhiteElo "2337"]
[BlackElo "1900"]
[PlyCount "49"]
[EventDate "2006.06.12"]

1. d4 d6 2. Nf3 g6 3. e4 Bg7 4. c3 Nf6 5. Nbd2 O-O 6. Bd3 e5 7. dxe5 dxe5 8.
Nc4 Nbd7 9. Qe2 Re8 10. O-O Nh5 11. g3 Nc5 12. Bc2 Qf6 13. Bg5 Qa6 14. a4 Bg4
15. b3 h6 16. Be3 Re6 17. h3 Bxh3 18. Bxc5 Bg4 19. Qe3 f5 20. exf5 gxf5 21.
Nfxe5 b6 22. Ba3 Bh3 23. Qf3 Rae8 24. Qxh5 Bxf1 25. Qf7+ 1-0

[Event "II Festival A"]
[Site "Cattolica ITA"]
[Date "2006.06.13"]
[Round "2"]
[White "Faini, Ivano"]
[Black "Raineri, Valerio"]
[Result "0-1"]
[WhiteElo "1842"]
[BlackElo "2145"]
[PlyCount "50"]
[EventDate "2006.06.12"]

1. e4 e5 2. Nf3 Nc6 3. Bc4 Bc5 4. c3 Qe7 5. d3 Nf6 6. Bb3 d6 7. Nbd2 Ng4 8. Rf1
Be6 9. h3 Nf6 10. Nc4 d5 11. exd5 Nxd5 12. Ne3 Nf4 13. d4 exd4 14. cxd4 O-O-O
15. Qc2 Nxd4 16. Bxe6+ Qxe6 17. Nxd4 Rxd4 18. Bd2 Nxg2+ 19. Ke2 Nf4+ 20. Ke1
Re8 21. Rd1 Re4 22. Qc3 Ng2+ 23. Ke2 Bxe3 24. fxe3 Nxe3 25. Rc1 Nd5+ 0-1

[Event "II Festival A"]
[Site "Cattolica ITA"]
[Date "2006.06.13"]
[Round "2"]
[White "Kwossek, Georg"]
[Black "De Zordi, Fabio"]
[Result "1-0"]
[WhiteElo "2065"]
[BlackElo "1808"]
[PlyCount "69"]
[EventDate "2006.06.12"]

1. d4 Nf6 2. c4 e6 3. Nf3 Bb4+ 4. Bd2 a5 5. Nc3 O-O 6. Qc2 d5 7. e3 c5 8. a3
Bxc3 9. bxc3 Nc6 10. Bd3 Re8 11. cxd5 exd5 12. dxc5 Ne4 13. O-O Qe7 14. c4 Qxc5
15. Rfb1 Be6 16. Rxb7 Rab8 17. Rb5 Rxb5 18. cxb5 Qxc2 19. Bxc2 Nxd2 20. Nxd2
Ne5 21. Nb3 Nc4 22. Nd4 h6 23. h3 Kf8 24. a4 Bd7 25. Bb3 Nb6 26. Rc1 Rb8 27.
Rc7 Ke8 28. Ra7 Nc4 29. Bxc4 dxc4 30. Rc7 Be6 31. Nxe6 fxe6 32. Rxc4 Kd7 33.
Kf1 Rb6 34. Ke2 Rd6 35. Rd4 1-0

[Event "II Festival A"]
[Site "Cattolica ITA"]
[Date "2006.06.13"]
[Round "2"]
[White "Lotti, Fabio"]
[Black "Dvirnyy, Danyyil"]
[Result "0-1"]
[WhiteElo "2043"]
[BlackElo "2280"]
[PlyCount "114"]
[EventDate "2006.06.12"]

1. d4 Nf6 2. Bg5 e6 3. e3 b6 4. Nf3 Bb7 5. Bd3 Be7 6. Qe2 Ne4 7. Bxe7 Qxe7 8.
Nbd2 f5 9. O-O-O d6 10. Rhg1 O-O 11. g4 Nd7 12. gxf5 exf5 13. c4 c5 14. h4 Ndf6
15. Ng5 Nxg5 16. hxg5 Ne4 17. g6 h6 18. f3 Nxd2 19. Kxd2 Rae8 20. Qf2 Qf6 21.
Rde1 Re7 22. Kc2 Rfe8 23. d5 b5 24. b3 b4 25. Qd2 a5 26. e4 Bc8 27. Kb1 Qd4 28.
Rd1 a4 29. Qb2 Qxb2+ 30. Kxb2 a3+ 31. Kc1 f4 32. Rh1 Re5 33. Rdg1 Rf8 34. Bf1
Rf6 35. Bh3 Bxh3 36. Rxh3 Rg5 37. Rxg5 hxg5 38. Rh1 Rxg6 39. Rg1 Kf7 40. e5
dxe5 41. Kd2 Kf6 42. Ke2 Kf5 43. Rd1 Rd6 44. Rh1 e4 45. Rg1 exf3+ 46. Kxf3 Rh6
47. Rd1 g4+ 48. Kg2 Rd6 49. Re1 g3 50. Re8 Kg4 51. Re6 f3+ 52. Kf1 Rd7 53. Re4+
Kf5 54. Re8 g5 55. Rh8 Re7 56. Rc8 g2+ 57. Kf2 Re1 0-1

[Event "II Festival A"]
[Site "Cattolica ITA"]
[Date "2006.06.13"]
[Round "2"]
[White "Pattarello, Pierluigi"]
[Black "Bonugli, Carlo"]
[Result "0-1"]
[WhiteElo "1977"]
[BlackElo "2065"]
[PlyCount "100"]
[EventDate "2006.06.12"]

1. d4 Nf6 2. c4 c5 3. d5 e6 4. Nc3 exd5 5. cxd5 d6 6. e4 g6 7. Nf3 Bg7 8. Nd2
O-O 9. Qc2 Ng4 10. Be2 Qh4 11. g3 Qe7 12. O-O f5 13. Bxg4 fxg4 14. Nc4 Nd7 15.
Bf4 Ne5 16. Nxe5 Bxe5 17. Bxe5 Qxe5 18. Rad1 Bd7 19. Rd3 Rf3 20. Re1 Raf8 21.
Rxf3 gxf3 22. Nd1 Re8 23. Qc3 Qh5 24. Qf6 Qxd5 25. Qxf3 Qxa2 26. Qd3 Qe6 27.
Nc3 Bc6 28. Re3 a6 29. Nd5 Bxd5 30. exd5 Qd7 31. f4 Rxe3 32. Qxe3 Kf7 33. Kf2
Qe7 34. Qd3 Qf6 35. Qb3 Qd4+ 36. Kg2 b5 37. Kf3 c4 38. Qa3 Qxd5+ 39. Kf2 Qc5+
40. Qxc5 dxc5 41. Ke3 b4 42. Ke4 a5 43. Ke3 a4 44. Kd2 h5 45. h3 Ke6 46. g4
hxg4 47. hxg4 Kd5 48. Kc2 Ke4 49. f5 gxf5 50. g5 Ke5 0-1

[Event "II Festival A"]
[Site "Cattolica ITA"]
[Date "2006.06.13"]
[Round "2"]
[White "Wazeer Ahmad, Khan"]
[Black "De Marco, Walter"]
[Result "1-0"]
[WhiteElo "2036"]
[BlackElo "2042"]
[PlyCount "75"]
[EventDate "2006.06.12"]

1. d4 Nf6 2. Nf3 b6 3. c4 e6 4. Nc3 Bb7 5. Qc2 Bb4 6. e3 Ne4 7. Bd3 f5 8. O-O
Nxc3 9. bxc3 Bxf3 10. gxf3 Bd6 11. e4 Qh4 12. e5 Be7 13. Qe2 Nc6 14. Kh1 Kf7
15. f4 Rag8 16. d5 Nd8 17. Rg1 h6 18. Qf3 g5 19. Rg3 g4 20. Qe2 Qh5 21. Be3 Qg6
22. Bc2 h5 23. Ba4 Ke8 24. Rd1 h4 25. Rg2 g3 26. dxe6 Nxe6 27. Rxd7 Kf7 28. c5
Rd8 29. Rxd8 Bxd8 30. Bb3 Qh6 31. Qd3 Qg6 32. Qd7+ Be7 33. cxb6 axb6 34. Qxc7
Qg4 35. Qxb6 Rh6 36. Qd4 Qf3 37. Qd1 Qe4 38. Bd5 1-0

[Event "II Festival A"]
[Site "Cattolica ITA"]
[Date "2006.06.14"]
[Round "3"]
[White "Bornaccioni, Daniele"]
[Black "Kwossek, Georg"]
[Result "1/2-1/2"]
[WhiteElo "1900"]
[BlackElo "2065"]
[PlyCount "70"]
[EventDate "2006.06.12"]

1. d4 Nf6 2. Nf3 e6 3. Bf4 b6 4. e3 Bb7 5. Bd3 Be7 6. Nbd2 O-O 7. c3 d6 8. Qc2
c5 9. g4 cxd4 10. cxd4 Nc6 11. a3 Rc8 12. Qb1 e5 13. g5 Nd5 14. Bxh7+ Kh8 15.
Qf5 exf4 16. Qh3 Bxg5 17. Be4+ Bh6 18. Bxd5 fxe3 19. fxe3 Qe7 20. O-O Qxe3+ 21.
Kh1 Ba6 22. Rfe1 Be2 23. Rac1 Ne7 24. Rxc8 Rxc8 25. Qd7 Bxf3+ 26. Nxf3 Rc1 27.
Qe8+ Kh7 28. Rxc1 Qxc1+ 29. Kg2 Qxb2+ 30. Kh3 Qe2 31. Qxf7 Qf1+ 32. Kg3 Qe2 33.
Be6 Bf4+ 34. Kxf4 Ng6+ 35. Kg3 Qe3 1/2-1/2

[Event "II Festival A"]
[Site "Cattolica ITA"]
[Date "2006.06.14"]
[Round "3"]
[White "De Marco, Walter"]
[Black "Jones, Alessandro"]
[Result "0-1"]
[WhiteElo "2042"]
[BlackElo "1824"]
[PlyCount "74"]
[EventDate "2006.06.12"]

1. Nf3 Nf6 2. b3 d5 3. e3 Nbd7 4. Bb2 e6 5. Be2 Bd6 6. d4 O-O 7. O-O Ne4 8. Nc3
Ndf6 9. Ne5 Bd7 10. Nxd7 Qxd7 11. f3 Nxc3 12. Bxc3 c5 13. Qd3 Rfc8 14. Rad1
cxd4 15. exd4 Qc7 16. Bb2 Bxh2+ 17. Kh1 Bg3 18. Bc1 Qxc2 19. Qe3 Qg6 20. Qg5
Bd6 21. Qh4 Nh5 22. Bd3 Ng3+ 23. Kg1 Qh5 24. Qxh5 Nxh5 25. f4 Ng3 26. Rf3 Nf5
27. Rh3 g6 28. Kf2 h5 29. Rdh1 Kg7 30. g4 hxg4 31. Rh7+ Kf6 32. Bd2 Rc7 33. Kg2
Rac8 34. Re1 Nxd4 35. Be3 Nc2 36. Bxc2 Rxc2+ 37. Kg3 Bc5 0-1

[Event "II Festival A"]
[Site "Cattolica ITA"]
[Date "2006.06.14"]
[Round "3"]
[White "De Zordi, Fabio"]
[Black "Pipitone, Antonio"]
[Result "0-1"]
[WhiteElo "1808"]
[BlackElo "1994"]
[PlyCount "66"]
[EventDate "2006.06.12"]

1. c4 Nf6 2. Nc3 g6 3. e4 d6 4. d4 Bg7 5. Nge2 O-O 6. Ng3 Nbd7 7. h4 h5 8. Be2
c5 9. d5 Ne5 10. Bf4 Neg4 11. Qd2 Kh7 12. f3 Nh6 13. Nf1 a6 14. Ne3 Bd7 15. a4
Qa5 16. g4 hxg4 17. fxg4 Nhxg4 18. h5 Rh8 19. hxg6+ Kg8 20. Rxh8+ Bxh8 21. Bxg4
Nxg4 22. gxf7+ Kxf7 23. Nxg4 Bxg4 24. Bh6 Rg8 25. Qf2+ Ke8 26. Bd2 Bd4 27. Qh2
Qb4 28. Qh7 Rg7 29. Qh8+ Kd7 30. e5 Bxe5 31. Qh6 Qxc4 32. b3 Qd3 33. Qe3 Qxe3+
0-1

[Event "II Festival A"]
[Site "Cattolica ITA"]
[Date "2006.06.14"]
[Round "3"]
[White "Dvirnyy, Danyyil"]
[Black "De Santis, Alessio"]
[Result "1-0"]
[WhiteElo "2280"]
[BlackElo "2337"]
[PlyCount "131"]
[EventDate "2006.06.12"]

1. e4 g6 2. d4 Bg7 3. Nc3 d6 4. f4 e6 5. Nf3 Ne7 6. Be3 Nd7 7. Bd3 f5 8. e5 d5
9. O-O a6 10. Qe1 b6 11. b4 c6 12. h3 Qc7 13. a4 h6 14. a5 b5 15. Kf2 Nf8 16.
Ke2 Nh7 17. Kd2 Bd7 18. Ne2 O-O-O 19. Rg1 Rdg8 20. Qf2 Bf8 21. g4 Be8 22. c3
Bf7 23. Rg2 Kb7 24. Rag1 Qd8 25. Nc1 Ka7 26. Nb3 Qe8 27. Nc5 Nc8 28. Rg3 Bxc5
29. dxc5 Kb7 30. Nd4 Ne7 31. Kc2 Kc7 32. R3g2 Nf8 33. Qd2 Nh7 34. Bf2 Kd7 35.
Bh4 g5 36. gxf5 gxh4 37. fxe6+ Bxe6 38. f5 Nxf5 39. Nxf5 Rxg2 40. Rxg2 Ng5 41.
Nxh6 Rxh6 42. Qxg5 Qf8 43. Qe3 Rh8 44. Rf2 Qh6 45. Qf3 Ke7 46. Rg2 Rf8 47. Qe2
Rg8 48. Rxg8 Bxg8 49. Qg4 Be6 50. Bf5 Bxf5+ 51. Qxf5 Qe3 52. Qf6+ Kd7 53. Qd6+
Ke8 54. Qxc6+ Ke7 55. Qf6+ Ke8 56. Qe6+ Kf8 57. Qxd5 Qxh3 58. e6 Qh2+ 59. Kb3
Qg1 60. Qf5+ Kg8 61. Qd3 h3 62. e7 Kf7 63. e8=Q+ Kxe8 64. c6 h2 65. c7 Qg8+ 66.
Ka3 1-0

[Event "II Festival A"]
[Site "Cattolica ITA"]
[Date "2006.06.14"]
[Round "3"]
[White "Fongarolli, Diego"]
[Black "Bonugli, Carlo"]
[Result "1/2-1/2"]
[WhiteElo "2068"]
[BlackElo "2065"]
[PlyCount "94"]
[EventDate "2006.06.12"]

1. e4 e6 2. d4 d5 3. Nd2 Nf6 4. e5 Nfd7 5. Bd3 c5 6. c3 Nc6 7. Ne2 cxd4 8. cxd4
Qb6 9. Nf3 f6 10. exf6 Nxf6 11. O-O Bd6 12. Nc3 O-O 13. Na4 Qc7 14. Bg5 e5 15.
dxe5 Nxe5 16. Nxe5 Bxe5 17. h3 Bd7 18. Rc1 Qa5 19. Nc5 Bc6 20. Qb3 Qb6 21. Qc2
h6 22. Bd2 Qxb2 23. Qxb2 Bxb2 24. Rb1 Be5 25. Nxb7 Ne4 26. Bxe4 dxe4 27. Na5
Ba4 28. Be3 Bc3 29. Nb3 a5 30. Nc5 Bc6 31. Rb6 Bd5 32. Rc1 Bb4 33. Ne6 Rf7 34.
Nc7 Rd8 35. Nxd5 Rxd5 36. Re6 Re7 37. Rxe7 Bxe7 38. Rc4 Rd1+ 39. Kh2 Ra1 40.
Ra4 Bb4 41. Bb6 Rf1 42. g3 Rd1 43. Bxa5 Bxa5 44. Rxa5 Rd2 45. Kg2 e3 46. Re5
Rxf2+ 47. Kg1 Rxa2 1/2-1/2

[Event "II Festival A"]
[Site "Cattolica ITA"]
[Date "2006.06.14"]
[Round "3"]
[White "Pattarello, Pierluigi"]
[Black "Faini, Ivano"]
[Result "1-0"]
[WhiteElo "1977"]
[BlackElo "1842"]
[PlyCount "87"]
[EventDate "2006.06.12"]

1. d4 g6 2. c4 Bg7 3. Nc3 d6 4. e4 Nc6 5. Be3 e5 6. d5 Nce7 7. Bd3 f5 8. f3 f4
9. Bf2 Nf6 10. Nge2 b6 11. b4 a5 12. a3 O-O 13. c5 axb4 14. axb4 Rxa1 15. Qxa1
g5 16. Qa7 g4 17. cxb6 cxb6 18. Bxb6 Qe8 19. Kd2 gxf3 20. gxf3 Bd7 21. Bc7 Qh5
22. Qf2 Ng6 23. Bxd6 Ra8 24. h4 Ra3 25. b5 Rb3 26. Bc2 Rb2 27. Ba3 Rxb5 28.
Nxb5 Bxb5 29. Nc3 Bd7 30. Bb3 Bf8 31. Bxf8 Kxf8 32. Qc5+ Ke8 33. Bd1 Qh6 34.
Nb5 Qf8 35. Nd6+ Kd8 36. h5 Ne7 37. Nc4 Ne8 38. Qb6+ Nc7 39. d6 Ke8 40. Qxc7
Qg8 41. Nxe5 Qg2+ 42. Kc1 Nc6 43. Qxd7+ Kf8 44. Qf7# 1-0

[Event "II Festival A"]
[Site "Cattolica ITA"]
[Date "2006.06.14"]
[Round "3"]
[White "Pivotto, Carlo"]
[Black "Cetkovic, Sergio"]
[Result "1-0"]
[WhiteElo "1835"]
[BlackElo "2101"]
[PlyCount "73"]
[EventDate "2006.06.12"]

1. e4 c6 2. c4 d5 3. exd5 cxd5 4. cxd5 Qxd5 5. Nc3 Qd8 6. Nf3 Nf6 7. d4 g6 8.
Be2 Bg7 9. O-O O-O 10. Re1 Nc6 11. Be3 Nd5 12. Nxd5 Qxd5 13. a3 e5 14. dxe5
Qxd1 15. Raxd1 Nxe5 16. Nxe5 Bxe5 17. Bc5 Re8 18. Bb5 Re6 19. Rxe5 Rxe5 20.
Rd8+ Kg7 21. Bd4 f6 22. Bxe5 fxe5 23. Bd7 Bxd7 24. Rxa8 a6 25. f3 Bc6 26. Kf2
e4 27. fxe4 Bxe4 28. Re8 Bc6 29. Re7+ Kg8 30. g4 h6 31. Ke3 a5 32. Kf4 Bg2 33.
g5 hxg5+ 34. Kxg5 Kf8 35. Rc7 Be4 36. Kf6 Ke8 37. Re7+ 1-0

[Event "II Festival A"]
[Site "Cattolica ITA"]
[Date "2006.06.14"]
[Round "3"]
[White "Raineri, Valerio"]
[Black "Barlocco, Carlo"]
[Result "0-1"]
[WhiteElo "2145"]
[BlackElo "2188"]
[PlyCount "84"]
[EventDate "2006.06.12"]

1. e4 b6 2. d4 Bb7 3. Bd3 Nf6 4. Nc3 e6 5. Nge2 c5 6. O-O Nc6 7. d5 Ne5 8. f4
Nxd3 9. Qxd3 exd5 10. exd5 d6 11. Ng3 Be7 12. b3 O-O 13. Bb2 Re8 14. Nf5 Qd7
15. Rf3 Bf8 16. Raf1 a6 17. Rg3 g6 18. Na4 Ne4 19. Rg5 f6 20. Nxb6 Qd8 21. Nxa8
fxg5 22. Ng3 Nxg3 23. hxg3 Bg7 24. Bxg7 Kxg7 25. f5 Qxa8 26. f6+ Kf7 27. c4 Re5
28. g4 Qc8 29. Qh3 h5 30. gxh5 Qxh3 31. hxg6+ Kxg6 32. gxh3 Kf7 33. Rf2 Bc8 34.
a3 a5 35. b4 cxb4 36. axb4 axb4 37. Rb2 Re4 38. Rxb4 Kxf6 39. Kg2 Re3 40. Rb8
Bxh3+ 41. Kf2 Ra3 42. Rd8 Ke7 0-1

[Event "II Festival A"]
[Site "Cattolica ITA"]
[Date "2006.06.14"]
[Round "3"]
[White "Wazeer Ahmad, Khan"]
[Black "Lotti, Fabio"]
[Result "1-0"]
[WhiteElo "2036"]
[BlackElo "2043"]
[PlyCount "83"]
[EventDate "2006.06.12"]

1. d4 Nf6 2. c4 c5 3. e3 e6 4. Nc3 d5 5. Nf3 cxd4 6. exd4 Bb4 7. Bd3 dxc4 8.
Bxc4 Nd5 9. Qd3 Nc6 10. O-O O-O 11. Nxd5 exd5 12. Bb3 Be7 13. Ne5 a5 14. a3 Bf6
15. f4 g6 16. Be3 a4 17. Ba2 Bf5 18. Qb5 Be4 19. Nxc6 bxc6 20. Qxc6 Rc8 21.
Qxa4 Rc2 22. Rf2 Rxf2 23. Bxf2 Qb8 24. b4 Qxf4 25. Qb3 Qg4 26. Qg3 Qe2 27. Bb3
Qb2 28. Re1 Rc8 29. Bd1 Rc3 30. Qf4 Bxd4 31. Qb8+ Rc8 32. Qxc8+ Kg7 33. Be2
Bxf2+ 34. Kxf2 Qd4+ 35. Kf1 Qf6+ 36. Bf3 Bxf3 37. gxf3 Qxf3+ 38. Kg1 d4 39. Qc7
d3 40. Qe5+ f6 41. Qg3 d2 42. Re7+ 1-0

[Event "II Festival A"]
[Site "Cattolica ITA"]
[Date "2006.06.15"]
[Round "4"]
[White "Barlocco, Carlo"]
[Black "Dvirnyy, Danyyil"]
[Result "0-1"]
[WhiteElo "2188"]
[BlackElo "2280"]
[PlyCount "132"]
[EventDate "2006.06.12"]

1. d4 Nf6 2. Nc3 d6 3. e4 Nbd7 4. f4 c6 5. e5 Nd5 6. Nf3 Nxc3 7. bxc3 e6 8. Bd3
Be7 9. O-O Nf8 10. a4 a5 11. Ba3 Ng6 12. Nd2 d5 13. Qg4 Bxa3 14. Rxa3 O-O 15.
Qh5 f5 16. Rf3 Qe8 17. Ra1 Nxe5 18. Rh3 Qxh5 19. Rxh5 Ng6 20. Rf1 Bd7 21. c4 b6
22. Kf2 Nxf4 23. Rg5 h6 24. Rg3 Nh5 25. Re3 Nf6 26. Ree1 Ne4+ 27. Ke3 f4+ 28.
Ke2 Nc3+ 29. Kf2 Nxa4 30. Nf3 Nb2 31. Ne5 Nxd3+ 32. cxd3 Be8 33. Rb1 b5 34.
cxb5 cxb5 35. Rfc1 b4 36. Rc7 Bb5 37. Kf3 Rfb8 38. Kxf4 Be8 39. Rbc1 b3 40. Re7
b2 41. Rcc7 b1=Q 42. Rxg7+ Kf8 43. Rh7 Qf1+ 44. Kg3 Qf6 45. Ng4 Qf7 46. Rcxf7+
Bxf7 47. Nxh6 Bg8 48. Rc7 Re8 49. Ng4 Re7 50. Rc3 Rg7 51. Kf4 Rxg4+ 52. Kxg4 a4
53. Ra3 Kg7 54. Kg5 Bf7 55. g4 Be8 56. h4 Bb5 57. h5 Rf8 58. Rc3 Rf7 59. Kh4
Ra7 60. Ra3 Kf6 61. g5+ Kf5 62. Ra2 Bxd3 63. g6 Kf6 64. g7 Kxg7 65. Kg5 a3 66.
Kf4 Bb1 0-1

[Event "II Festival A"]
[Site "Cattolica ITA"]
[Date "2006.06.15"]
[Round "4"]
[White "Bonugli, Carlo"]
[Black "Raineri, Valerio"]
[Result "1/2-1/2"]
[WhiteElo "2065"]
[BlackElo "2145"]
[PlyCount "57"]
[EventDate "2006.06.12"]

1. e4 e5 2. Nc3 Nc6 3. Nf3 Nf6 4. d4 exd4 5. Nxd4 Bc5 6. Be3 Nxd4 7. Bxd4 Qe7
8. Bxc5 Qxc5 9. Bd3 O-O 10. O-O Re8 11. Kh1 c6 12. f4 d6 13. Qf3 b5 14. Rae1
Qh5 15. Qg3 b4 16. Nb1 Bb7 17. Nd2 c5 18. e5 dxe5 19. fxe5 Nd7 20. Rf5 Qh6 21.
Nf3 Nf8 22. Bc4 Ne6 23. Rf1 Be4 24. Rxf7 Kxf7 25. Ng5+ Kg8 26. Nxe4 Kh8 27. Nd6
Rf8 28. Nf7+ Rxf7 29. Rxf7 1/2-1/2